Engineering chemistry a textbook

Saved in:
Bibliographic Details
Main Author: Chopra
Format: Book
Published: 2007
Tags: Add Tag
No Tags, Be the first to tag this record!
Call Number :

MARC

LEADER 00000pam a2200000 4500
001 27114
003 MY-KLNDU
005 20241218082219.0
020 0 0 |a 9781842653623(hbk) 
035 |a 0000038747 
039 9 |a 200911181251  |b VLOAD  |y 200910091757  |z VLOAD 
100 0 0 |a Chopra 
245 0 0 |a Engineering chemistry  |b a textbook 
260 0 0 |a 2007 
591 |a 0000009401  |b 26/05/09  |c 0200-07  |d 1  |e RM307.7  |f 1  |g 307.7  |h Bookfinder Sdn. Bhd. 
999 |a vtls000036524  |c 27114  |d 27114